000 00582nam a2200193 i 4500
001 95863
003 ES-MaACL
005 20251114150616.0
007 t|
008 050606s1972 sp ||||1| spa d
100 1 _aMacDonald, Philip.
_975120
245 1 0 _aCuatro historias de muerte /
_cPhilip MacDonald; traducción del inglés Miguel Giménez Sales.
250 _a[1ª ed.].
260 _aBarcelona :
_bPicazo,
_c1972.
300 _a204 p. ;
_c18 cm.
700 1 _aGiménez Sales, Miguel,
_d1922-
_957067
852 _aES-MaACL
_jC-52647
_bR.82347
999 _c95863
_d95863